000 00284nam a2200109Ia 4500
008 210430s9999 xx 000 0 und d
082 _a327.42 V835M
100 _aDavid Vital
_954553
245 4 _aThe Making of British Foreign Policy
_cDavid Vital
300 _a119
942 _cBK
_2ddc
999 _c565173
_d565173